| 000 | 01094nam a22001937a 4500 | ||
|---|---|---|---|
| 999 |
_c64030 _d64030 |
||
| 003 | Ge_BSU | ||
| 005 | 20260312164841.0 | ||
| 008 | 260312s1951 ge ||||| |||| 00| 0 geo d | ||
| 041 | _ageo | ||
| 080 | _a330.342.15 მ-53 | ||
| 100 |
_aმელაძე, რ.რ. _927120 |
||
| 245 |
_aმეურნეობის სოციალისტური სისტემის უპირატესობანი მეურნეობის კაპიტალისტურ სისტემასთან შედარებით / _cრ.რ. მელაძე. |
||
| 264 |
_aთბილისი : _bსახელგამი, პოლიტლიტერატურის სექტორი, _c1951. |
||
| 300 |
_a119 გვ. ; _b21 სმ. |
||
| 504 | _aბიბლიოგრ. შენიშვნებში. | ||
| 653 | _aმეურნეობის სოციალისტური სისტემა | ||
| 653 | _aმეურნეობის კაპიტალისტური სისტემა | ||
| 942 |
_2udc _cᲬᲘᲒᲜᲘ |
||